000 00606cam a22002053a 4500
001 38908
003 PGUSA
005 20140828083847.0
008 120217s2012||||xxu|||||s|||||000 | eng d
040 _aPGUSA
_beng
042 _adc
100 1 _aBenedix, Roderich,
_d1811-1873
245 1 0 _aKyökissä :
_bHuvinäytelmä 1:ssä näytöksessä
_h[electronic resource] /
_cRoderich Benedix
260 _bProject Gutenberg,
_c2012
506 _aPublic domain in the USA.
516 _aElectronic text
830 0 _aProject Gutenberg
_v38908
856 4 0 _uhttp://www.gutenberg.org/ebooks/38908
942 _cEB
999 _c268161
_d268161